Score 0/20 Timer 04:00
8 Plays Today
% Correct
Papa Smurf
94.2%
Super Mario
92.7%
Ned Flanders
91.6%
Captain Hook
90%
The Lorax
89.9%
Mr. Potato Head
88.1%
Yosemite Sam
87.4%
Cleveland Brown
83.6%
Geppetto
79.3%
Jafar
79.2%
% Correct
Bob Belcher
77.8%
Dick Dastardly
77.7%
Nigel Thornberry
75.2%
Bluto
73.5%
Asterix
69.5%
Randy Marsh
65.7%
Mayor of Townsville
65.4%
Mr. Spacely
57.5%
Monterey Jack
53.5%
Amos Slade
50.5%
Remove Ads.
Support Sporcle.
Get the best of Sporcle when you Go Orange. This ad-free experience offers more features, more stats, and more fun while also helping to support Sporcle. Thank you for becoming a member.

You're not logged in!

Compare scores with friends on all Sporcle quizzes.
OR
Log In

Show Comments

Extras

Top Quizzes Today


Score Distribution

Your Account Isn't Verified!

In order to create a playlist on Sporcle, you need to verify the email address you used during registration. Go to your Sporcle Settings to finish the process.

Report this User

Report this user for behavior that violates our Community Guidelines.

Details: